|
|
|
|
| LEADER |
00000nam a22000007a 4500 |
| 005 |
20160524110225.0 |
| 007 |
cr|||| ||u| |
| 008 |
160524s2016 mx ||||| |||| 00||0 por d |
| 020 |
|
|
|a 978-607-406-799-6
|
| 035 |
|
|
|a 14248
|
| 040 |
|
|
|a vLex
|
| 090 |
|
|
|c 6136
|d 6136
|
| 100 |
1 |
|
|a Domn̕guez Orozco, Jaime
|
| 245 |
1 |
0 |
|a Pagos Mensuales del IVA 2016
|h [Recurso electrn̤ico] /
|c Jaime Domn̕guez Orozco
|
| 256 |
|
|
|a Servicio en ln̕ea
|
| 260 |
|
|
|a Mx̌ico
|b Ediciones Fiscales ISEF
|c 2016
|
| 300 |
|
|
|a 1 recurso electrn̤ico
|
| 500 |
|
|
|a Esta obra presenta en forma prc̀tica y sencilla las disposiciones de la Ley del IVA y su reglamento, el Cd̤igo Fiscal, reglas y criterios del SAT para determi-nar el pago mensual del IVA que ayuden al contribuyente a operar en un marco de seguridad fiscal y evite incurrir en cargas fiscales y financieras innecesarias.
|
| 506 |
1 |
|
|a Contenido solo disponible en los productos indicados
|d vLex Global
|d vLex Global (Academic Edition, excluding Law Schools)
|d vLex Global (U.S. Academic Edition, Law Schools)
|d vLex Global (U.S. Academic Edition, excluding Law Schools)
|d vLex Global (Academic Edition, Law Schools)
|
| 650 |
0 |
4 |
|a Derecho fiscal
|z Mx̌ico
|
| 740 |
0 |
|
|a vLex libros (servicio en ln̕ea)
|
| 856 |
4 |
0 |
|u http://vlex.com/source/pagos-mensuales-del-iva-2016-14248
|z Acceso restringido
|
| 942 |
|
|
|c BOOK
|
| 999 |
0 |
|
|a Taxationa
|b Mexic
|